NIRALIS TEXT BOOK OF AGRI - BUSINESSMANAGEMENT (Record no. 289851)

MARC details
000 -LEADER
fixed length control field 00417pam a2200157a 44500
008 - FIXED-LENGTH DATA ELEMENTS--GENERAL INFORMATION
fixed length control field 230405s1995 xxu||||| |||| 00| 0 eng d
041 ## - LANGUAGE CODE
Language code of text/sound track or separate title ENG
100 ## - MAIN ENTRY--PERSONAL NAME
Personal name DESAI S S
245 ## - TITLE STATEMENT
Title NIRALIS TEXT BOOK OF AGRI - BUSINESSMANAGEMENT
250 ## - EDITION STATEMENT
Edition statement 1 Ed.
260 ## - PUBLICATION, DISTRIBUTION, ETC.
Place of publication, distribution, etc. PUNE
Name of publisher, distributor, etc. FURIA OF NIRALI PRAKASHAN
Date of publication, distribution, etc. 1995
300 ## - PHYSICAL DESCRIPTION
Extent 174p.
440 ## - SERIES STATEMENT/ADDED ENTRY--TITLE
Title NIRAL BOOK CENTRE, PUNE, B-3633
700 ## - ADDED ENTRY--PERSONAL NAME
Personal name HBHALERAONIRMAL
906 ## - LOCAL DATA ELEMENT F, LDF (RLIN)
a 973
Holdings
Withdrawn status Lost status Damaged status Not for loan Collection Home library Current library Shelving location Date acquired Total Checkouts Barcode Date last seen Price effective from Koha item type
          Loknete Mohanrao Kadam College of Agriculture, Kadegaon, Sangli Loknete Mohanrao Kadam College of Agriculture, Kadegaon, Sangli   04/02/2017   AGK-1657 17/04/2023 17/04/2023 Book